Fonetika v slovenskom umeleckom speve

Bibliographic Details
Main Author: Stanislav, Ján, 1904-1977 (Author)
Format: Article
Language:Slovak

MARC

LEADER 00000nab a2200000uu 4500
001 vtls010884972
003 SK-MaSNL
005 20260303144712.0
008 230222|1960 xo |||||||||||||||||slo|
015 |a SNBRB 
035 |a (urnnbn)urn:nbn:sk:snk:ar-002c7s 
035 |a (uuid)b5f84488-532b-4a07-a7f7-609fb5852f56 
035 |a urn:nbn:sk:snk-ab8g58 
040 |a SNKBUCL  |b slo  |c SNKBUCL  |e AACR2 
041 0 |a slo 
044 |a xo  |c SK 
100 1 |a Stanislav, Ján,  |d 1904-1977  |4 aut  |9 107141 
245 1 0 |a Fonetika v slovenskom umeleckom speve  |c Ján Stanislav 
773 0 |t Slovenská hudba : revue pre hudobnú kultúru  |g Roč. 4, č. 7 (1960), s. 348-350 
954 |a odborná, vedecká literatúra pôvodná (slovenská)  |2 lita 
958 |a OND 
958 |a EUIPO 
958 |a article10 
999 |c 1998404  |d 2000334